Attrazioni di Gardaland - Statistics

Statistiche generali
  • Questo quiz è stato fatto 160 volte
  • Il punteggio medio è 14 su 37
Statistiche sulle risposte
Risposta % Corretto
Oblivion
88%
Raptor
85%
Blue Tornado
84%
Mammut
80%
Fuga da Atlantide
71%
Shaman
66%
Colorado Boat
63%
Space Vertigo
63%
I Corsari: la vendetta del fantasma
60%
Jungle Rapids
60%
Kung Fu Panda Master
54%
Magic House
53%
Ortobruco Tour
53%
4D Cinema
47%
Jumanji - The Adventure
46%
Volaplano
38%
Doremifarm
36%
Monorotaia
33%
Peter Pan
32%
Albero di Prezzemolo
31%
Giostra cavalli
30%
Transgardaland Express
29%
Baby canoe
22%
Flying Island
22%
Jumanji - The Labyrinth
22%
Baby pilota
20%
Baby corsaro
17%
Il trenino di Nonno Pig
15%
L'isola dei pirati
14%
Baby cavalli
13%
Funny Express
13%
Prezzemolo Land
13%
Il bosco degli gnomi
12%
La mongolfiera di Peppa Pig
12%
Superbaby
10%
Mr Ping's noodle surprise
8%
Prezzemolo Magic Village
4%
Nessun quiz corrispondente trovato
Distribuzione punteggi
Percentuale di utenti per punteggio
Percentile per numero di risposta
I tuoi punteggi nel tempo
Non hai fatto questo quiz